<?xml version="1.0" encoding="UTF-8"?>
<collection xmlns="http://www.loc.gov/MARC21/slim">
    <record>
        <controlfield tag="001">99146</controlfield>
        <controlfield tag="005">20210216153221.0</controlfield>
        <datafield tag="024" ind1="8" ind2=" ">
            <subfield code="2">sideral</subfield>
            <subfield code="a">121936</subfield>
        </datafield>
        <datafield tag="037" ind1=" " ind2=" ">
            <subfield code="a">ART-2018-121936</subfield>
        </datafield>
        <datafield tag="041" ind1=" " ind2=" ">
            <subfield code="a">spa</subfield>
        </datafield>
        <datafield tag="100" ind1=" " ind2=" ">
            <subfield code="a">Meavilla Seguí, Vicente</subfield>
        </datafield>
        <datafield tag="245" ind1=" " ind2=" ">
            <subfield code="a">Aritmética para comerciantes y mercaderes en el Aragón del siglo XVIII: metrología en la Arithmetica especulativa y practica (1762) del jesuita Joseph Biel</subfield>
        </datafield>
        <datafield tag="260" ind1=" " ind2=" ">
            <subfield code="c">2018</subfield>
        </datafield>
        <datafield tag="506" ind1="0" ind2=" ">
            <subfield code="a">Access copy available to the general public</subfield>
            <subfield code="f">Unrestricted</subfield>
        </datafield>
        <datafield tag="520" ind1="3" ind2=" ">
            <subfield code="a">﻿Hasta que el Sistema Métrico Decimal no se adoptó de forma universal, la mayoría de los manuales dedicados a la enseñanza de las matemáticas elementales incluían capítulos consagrados a las equivalencias entre las monedas, pesos y medidas de las distintas regiones de un mismo país o de los diferentes países. Obviamente, el objetivo de estos capítulos era el de facilitar las transacciones comerciales entre las distintas comarcas y regiones. En este artículo presentamos los contenidos de carácter metrológico, restringidos al ámbito geográfico de Aragón, incluidos en la Arithmetica especulativa, y practica (1762) de Joseph Biel. Además de su innegable interés histórico, dicha información puede resultar útil para la enseñanza.

Until de universal adoption of the Decimal Metric System, most of the textbooks devoted to the teaching of elementary mathematics included some chapters dealing with equivalences among the currency, weihgts and measures of different regions within a country or of different countries. Obviously, the goal of these chapters was to facilitate the commercial transactions between these different regions and countries. In this paper, we present the metrological contents included in the Arithmetica especulativa, y practica (1762) by Joseph Biel. In addition to its undeniable historical interest, this information can be useful for teaching.</subfield>
        </datafield>
        <datafield tag="536" ind1=" " ind2=" ">
            <subfield code="9">info:eu-repo/grantAgreement/ES/DGA/S119</subfield>
            <subfield code="9">info:eu-repo/grantAgreement/ES/MINECO/EDU2016-78764-P</subfield>
        </datafield>
        <datafield tag="540" ind1=" " ind2=" ">
            <subfield code="9">info:eu-repo/semantics/openAccess</subfield>
            <subfield code="a">by-nc</subfield>
            <subfield code="u">http://creativecommons.org/licenses/by-nc/3.0/es/</subfield>
        </datafield>
        <datafield tag="655" ind1=" " ind2="4">
            <subfield code="a">info:eu-repo/semantics/article</subfield>
            <subfield code="v">info:eu-repo/semantics/acceptedVersion</subfield>
        </datafield>
        <datafield tag="700" ind1=" " ind2=" ">
            <subfield code="0">(orcid)0000-0002-8191-3199</subfield>
            <subfield code="a">Oller Marcen, Antonio Miguel</subfield>
        </datafield>
        <datafield tag="773" ind1=" " ind2=" ">
            <subfield code="g">11, 3 (2018), 55-73</subfield>
            <subfield code="p">REv. Bras. Gest. Neg.</subfield>
            <subfield code="t">RLE</subfield>
            <subfield code="x">2011-5474</subfield>
        </datafield>
        <datafield tag="856" ind1="4" ind2=" ">
            <subfield code="s">2466655</subfield>
            <subfield code="u">http://zaguan.unizar.es/record/99146/files/texto_completo.pdf</subfield>
            <subfield code="y">Postprint</subfield>
        </datafield>
        <datafield tag="856" ind1="4" ind2=" ">
            <subfield code="s">1839062</subfield>
            <subfield code="u">http://zaguan.unizar.es/record/99146/files/texto_completo.jpg?subformat=icon</subfield>
            <subfield code="x">icon</subfield>
            <subfield code="y">Postprint</subfield>
        </datafield>
        <datafield tag="909" ind1="C" ind2="O">
            <subfield code="o">oai:zaguan.unizar.es:99146</subfield>
            <subfield code="p">articulos</subfield>
            <subfield code="p">driver</subfield>
        </datafield>
        <datafield tag="951" ind1=" " ind2=" ">
            <subfield code="a">2021-02-16-14:03:06</subfield>
        </datafield>
        <datafield tag="980" ind1=" " ind2=" ">
            <subfield code="a">ARTICLE</subfield>
        </datafield>
    </record>

    
</collection>